| 000 | 01133nam0a22002651 4500 | ||
|---|---|---|---|
| 001 | rc\472322 | ||
| 005 | 20030616172500.2 | ||
| 035 | _a(NLR Aleph) 005715858 | ||
| 090 |
_a7426686 _c7426686 |
||
| 100 | _a20030616d1988 u |0rusy50 ca | ||
| 101 | 0 | _arus | |
| 102 | _aRU | ||
| 105 | _aa ||||||||| | ||
| 200 | 1 | _aИсследование флуктуаций плотности потока частиц электронно-фотонной компоненты ШАЛ, измеряемой сцинтилляционными детекторами | |
| 210 |
_aМ. _cФИ _d1988 |
||
| 215 |
_a28 с. _cграф. _d21 |
||
| 225 | 1 |
_aПрепринт _fАН СССР, Физ. ин-т им. П.Н. Лебедева ФИАН. Отд. косм. излучений _v№ 214 _iФизика высоких энергий и космических лучей |
|
| 320 | _aБиблиогр.: с. 28 | ||
| 700 | 1 |
_aКабанова _bН. В. |
|
| 701 | 1 |
_aРомахин _bВ. А. _gВладимир Александрович |
|
| 801 | 0 |
_aRU _bNLR _gpsbo |
|
| 801 | 1 |
_aRU _bELAR _2rusmarc |
|
| 852 |
_aNLR _j89-4/11928 |
||
| 942 | _cBOOK | ||
| 980 | _aNB | ||